000 00504nam a2200169Ia 4500
003 GCL
008 140319s9999 xx 000 0 ara d
040 _aGCL /
_cGCL
082 0 4 _a811.3
_bم ا
100 1 _aمحمد على سعد
245 1 0 _aالاحوص بن محمد الانصارى حياته وشعرة /
_cمحمد على سعد
260 _a[S.N] :
_bدار الافاق الجديدة ،
_c1982
300 _a430 ص
490 _a
650 0 4 _aالشعر العربى
942 _2ddc
_cBK
999 _c28717
_d28717